000 00522nam a2200181Ia 4500
999 _c3544
_d3544
003 OSt
005 20200818103242.0
008 190216s9999||||xx |||||||||||||| ||und||
020 _a9788126530342
040 _coclc
082 _a547.2
_bCOR/L
100 _aCorey, E J
_94172
245 0 _aThe Logic Of Chemical Synthesis /
_cE J Corey ; Xue Min Cheng
260 _bWiley India,
_c2011.
_aDelhi:
300 _a436p
650 _aChemistry-Chemistry
942 _cBK
_2ddc
_h547.2
_iCOR/L
_k547.2
_mCOR/L